000
00244nam a22001097a 4500
082
_a
021 LOW
100
_a
Lowell
245
_a
The management of Libraries
260
_a
India
_b
The Scarecrow
_c
1968
300
_a
xvi,359p
_b
ill.;23cm
942
_c
BK
999
_c
19138
_d
19138